Staré pověsti české /
Klasická kniha české literatury je mistrovským převyprávěním díla lidové fantazie a tvořivosti, kde anonymní autoři zachytili zajímavé úseky dávných českých dějin.
Uloženo v:
| Hlavní autor: | |
|---|---|
| Médium: | E-kniha |
| Jazyk: | Czech |
| Vydáno: |
Praha : Brno :
Nadační fond Česká knižnice : Ústav pro českou literaturu AV ČR, v.v.i. ; Host,
2019
|
| Vydání: | V České knižnici vydání druhé |
| Edice: | Česká knižnice (Host)
|
| Témata: | |
| Tagy: |
Žádné tagy |
| LEADER | 03307nam a2200469 i 4500 | ||
|---|---|---|---|
| 001 | 311179 | ||
| 003 | CZ PrSKC | ||
| 005 | 20260601215701.0 | ||
| 007 | ta | ||
| 008 | 190716s2019 xr g 000 f cze | ||
| 015 | |a cnb003118069 | ||
| 020 | |a 9788088183167 |q (Nadační fond České knižnice ; |q vázáno) | ||
| 020 | |a 978-80-88069-79-9 |q (Ústav pro českou literaturu AV ČR ; |q vázáno) | ||
| 020 | |a 978-80-7577-827-7 |q (Host ; |q vázáno) | ||
| 035 | |a (OCoLC)1122793231 | ||
| 040 | |a ABG001 |b cze |d BOA001 |d ABA001 |e rda | ||
| 043 | |a e-xr--- | ||
| 072 | 7 | |a 821.162.3-3 |x Česká próza |2 Konspekt | |
| 080 | |a 821.162.3-34 |2 MRF | ||
| 080 | |a 94(437.3) |2 MRF | ||
| 080 | |a (0:82-34) |2 MRF | ||
| 100 | 1 | |a Jirásek, Alois, |d 1851-1930 |7 jk01051816 |4 aut | |
| 245 | 1 | 0 | |a Staré pověsti české / |c Alois Jirásek |
| 250 | |a V České knižnici vydání druhé | ||
| 264 | 1 | |a Praha : |b Nadační fond Česká knižnice : |b Ústav pro českou literaturu AV ČR, v.v.i. ; |a Brno : |b Host, |c 2019 | |
| 300 | |a 311 stran ; |c 21 cm | ||
| 336 | |a text |b txt |2 rdacontent | ||
| 337 | |a bez média |b n |2 rdamedia | ||
| 338 | |a svazek |b nc |2 rdacarrier | ||
| 490 | 1 | |a Česká knižnice ; |v svazek 101 | |
| 505 | 0 | 0 | |t O Čechovi -- |t O Krokovi a jeho dcerách -- |t O Bivoji -- |t O Libuši -- |t O Přemyslovi -- |t Libušina proroctví -- |t Dívčí válka -- |t O Křesomyslu a Horymírovi -- |t Lucká válka -- |t Durynk a Neklan -- |t O králi Svatoplukovi -- |t O králi Ječmínkovi -- |t Praporec svatého Václava -- |t O Bruncvíkovi -- |t Opatovický poklad -- |t O staré Praze -- |t Žito kouzelník -- |t O králi Václavovi IV. -- |t Staroměstský orloj -- |t O Daliborovi z Kozojed -- |t Ze Židovského Města -- |t Smutná místa -- |t Faustův dům -- |t O Žižkovi -- |t Kutnohorští havíři -- |t Bílá paní -- |t Růžový palouček -- |t Boží soud -- |t O Janošíkovi -- |t Sibylina proroctví -- |t Proroctví slepého mládence -- |t Proroctví Havlase Pavlaty -- |t Různá proroctví -- |t Blaničtí rytíři |
| 520 | 2 | |a Klasická kniha české literatury je mistrovským převyprávěním díla lidové fantazie a tvořivosti, kde anonymní autoři zachytili zajímavé úseky dávných českých dějin. |b Prostým, ale básnicky účinným jazykem vypravuje autor staré zkazky o samých počátcích života na našem území, jak je zachovala buď lidová ústní tradice nebo později staří kronikáři. Kniha však také zaznamenává pověsti z doby pozdější, jimiž si lid opředl dobu počátků a rozmachu křesťanství u nás a které vznikaly především jako výraz životní zkušenosti a tužeb prostého člověka. | |
| 651 | 7 | |a Česko |7 ge128065 |x dějiny |2 czenas | |
| 651 | 9 | |a Czechia |x history |2 eczenas | |
| 655 | 7 | |a české pověsti |7 fd201456 |2 czenas | |
| 655 | 9 | |a Czech legends |2 eczenas | |
| 830 | 0 | |a Česká knižnice (Host) | |
| 900 | |a ABA001 |b 19 | ||
| 044 | |a xr | ||
| 910 | |a RBIT002 | ||
| 998 | |d 206250 |a https://core.palmknihy.cz/api/books/206250/cover?q9fz5g |b https://core.palmknihy.cz/api/books/206250/cover/400?q9fz5g |c https://core.palmknihy.cz/api/books/206250/cover/50?q9fz5g |e 2035-12-31 |g 318 |i 9788075778277 |j https://core.palmknihy.cz/api/books/206250/preview.epub |k https://core.palmknihy.cz/api/books/206250/preview.pdf |l |q 49 |r 1 |s https://www.palmknihy.cz/kniha/206250 |t ebook |y 2019 |z 0 | ||
| 999 | |d 311177 | ||